Zambia, the first 50 years : (Record no. 21674)

MARC details
000 -LEADER
fixed length control field 00998cam a2200301 i 4500
001 - CONTROL NUMBER
control field 18360399
003 - CONTROL NUMBER IDENTIFIER
control field EG-ScBUE
005 - DATE AND TIME OF LATEST TRANSACTION
control field 20240609122259.0
008 - FIXED-LENGTH DATA ELEMENTS--GENERAL INFORMATION
fixed length control field 141105s2014 enka f bd 001 0 eng d
020 ## - INTERNATIONAL STANDARD BOOK NUMBER
International Standard Book Number 9781780768229 (pbk.)
020 ## - INTERNATIONAL STANDARD BOOK NUMBER
International Standard Book Number 1780768222 (pbk.)
040 ## - CATALOGING SOURCE
Original cataloging agency UKMGB
Language of cataloging eng
Description conventions rda
Transcribing agency UKMGB
Modifying agency OCLCO
-- EYM
-- LTSCA
-- OI@
-- DLC
-- EG-ScBUE
043 ## - GEOGRAPHIC AREA CODE
Geographic area code f-za---
082 04 - DEWEY DECIMAL CLASSIFICATION NUMBER
Classification number 968.9404
Edition number 22
Item number SAR
100 1# - MAIN ENTRY--PERSONAL NAME
Personal name Sardanis, Andrew,
Relator term author.
9 (RLIN) 39888
245 10 - TITLE STATEMENT
Title Zambia, the first 50 years :
Remainder of title reflections of an eyewitness /
Statement of responsibility, etc Andrew Sardanis.
264 #1 - PUBLICATION, DISTRIBUTION, ETC. (IMPRINT)
Place of publication, distribution, etc London ;
-- New York :
Name of publisher, distributor, etc I. B. Tauris,
Date of publication, distribution, etc 2014.
300 ## - PHYSICAL DESCRIPTION
Extent ix, 370 pages :
Other physical details illustrations ;
Dimensions 24 cm
336 ## - CONTENT TYPE
Source rdacontent
Content type term text
Content type code txt
337 ## - MEDIA TYPE
Media type term unmediated
Source rdamedia
Media type code n
338 ## - CARRIER TYPE
Carrier type term volume
Carrier type code nc
Source rdacarrier
500 ## - GENERAL NOTE
General note Includes glossary.<br/>
504 ## - BIBLIOGRAPHY, ETC. NOTE
Bibliography, etc Includes bibliographical references and index.<br/>
651 #7 - SUBJECT ADDED ENTRY--GEOGRAPHIC NAME
Geographic name Zambia
General subdivision History
Chronological subdivision 1964-
Source of heading or term BUEsh
653 ## - INDEX TERM--UNCONTROLLED
Resource For college BAEPS, Political Science
Arrived date list April2016
655 ## - INDEX TERM--GENRE/FORM
Form subdivision Reading book
942 ## - ADDED ENTRY ELEMENTS (KOHA)
Source of classification or shelving scheme Dewey Decimal Classification
Koha item type Book - Borrowing
Holdings
Withdrawn status Lost status Source of classification or shelving scheme Damaged status Not for loan Collection code Home library Current library Shelving location Date acquired Source of acquisition Cost, normal purchase price Total Checkouts Total Renewals Full call number Barcode Date last seen Date checked out Cost, replacement price Price effective from Koha item type
    Dewey Decimal Classification     Alahram Central Library Central Library Second Floor 20/04/2016 Purchase 126.00 1 15 968.9404 SAR 000032401 15/07/2025 01/03/2018 157.50 20/04/2016 Book - Borrowing